Statistics for NFL - Last 1,200 Yard Rusher by Team

Click here to take the quiz!

General Stats

  • This quiz has been taken 4,387 times
    (567 since last reset)
  • The average score is 19 of 32

Answer Stats

TeamYearYardsPlayer% Correct
Titans20221,538Derrick Henry
99%
49ers20231,459Christian McCaffrey
97%
Panthers20191,387Christian McCaffrey
97%
Browns20221,525Nick Chubb
97%
Giants20221,312Saquon Barkley
97%
Raiders20221,653Josh Jacobs
96%
Bengals20211,205Joe Mixon
94%
Lions19981,491Barry Sanders
93%
Cowboys20191,357Ezekiel Elliott
93%
Colts20211,811Jonathan Taylor
93%
Eagles20221,269Miles Sanders
93%
Vikings20201,557Dalvin Cook
92%
Steelers20211,200Najee Harris
90%
Rams20181,251Todd Gurley
78%
Ravens20191,206Lamar Jackson
64%
Seahawks20191,230Chris Carson
58%
Chiefs20171,327Kareem Hunt
55%
Cardinals20161,239David Johnson
54%
Bills20161,267LeSean McCoy
48%
Jets20091,402Thomas Jones
43%
Texans20141,246Arian Foster
41%
Buccaneers20151,402Doug Martin
40%
Dolphins20161,272Jay Ajayi
39%
Jaguars20111,606Maurice Jones-Drew
39%
Washington20131,275Alfred Morris
26%
Bears20161,313Jordan Howard
24%
Falcons20111,340Michael Turner
20%
Saints20031,641Deuce McAllister
17%
Chargers20141,255Ryan Matthews
14%
Patriots20121,263Stevan Ridley
10%
Packers20091,253Ryan Grant
7%
Broncos20041,240Reuben Droughns
2%

Score Distribution

Percentile by Number Answered

Percent of People with Each Score

Your Score History

You have not taken this quiz since the last reset